000 01341cam a2200277 a 4500
003 EG-GiCUC
005 20250223030612.0
008 120403s1988 ua e f m 000 0 ara d
040 _aEG-GiCUC
_bara
_cEG-GiCUC
041 0 _aara
049 _aاهداء
097 _aماجستير
099 _aCai01.34.M.Sc.1988.مر.ت
100 0 _aمرفت فتحى رياض أمين
245 1 0 _aتطوير تدريس مقرر الميكانيكا للصف الثانى الثانوى العلمى باستخدام المدخل المعملى /
_cمرفت فتحى رياض أمين ؛ اشراف وليم تاوضروس عبيد : ابراهيم السيد حسين
246 1 5 _aDeveloping the teaching of the mechanics syllabus of the secondary school 2nd Grade using the laboratory approach
260 _aالمنيا :
_bمرفت فتحى رياض أمين :
_c1988
300 _a283ورقة :
_bرسوم هندسية ؛
_c30سم
502 _aاطروحة (ماجستير) - جامعة المنيا - كلية التربية - قسم المناهج وطرق التدريس
700 0 _aابراهيم السيد حسين :
_eمشرف
700 0 _aوليم تاوضروس عبيد :
_eمشرف
856 _uhttp://172.23.153.220/th.pdf
905 _aFatma
_eCataloger
905 _aNazla
_eRevisor
942 _2ddc
_cTH
999 _c38136
_d38136